000 00501nam a22001697a 4500
999 _c41696
_d41696
003 OSt
005 20221110144221.0
008 221102b ||||| |||| 00| 0 eng d
020 _a9789385084225
040 _coclc
082 _a641.4
_bVIN/F
100 _99226
_aSingh, Vinay Kumar
245 _aFruit and vegetable preservation techniques /
_cVinay Kumar Singh
260 _aGhaziabad:
_bPratap Book Services,
_c2016.
300 _a244 p
942 _2ddc
_cBK
_h641.4
_k641.4
_mVIN/F